00413nam a22001577a 450000500170000001000150001702000230003203500130005503700130006808200080008110000250008924500460011426000370016027000350019730000230023220100726115212.0 aENG- 96814 a818957616xc250.00 aEN-80347 bDBAD/PUB a921 aWashington, Booker T aUp form slavery /cby Booker T Washington aHapurbKalptaryu Prakashanc2009 a64, Revti kunj,e245101bHapur a192 pc21 cm. (Hb)